| Tag |
First Indicator |
Second Indicator |
Subfields |
| LEADER |
00000cam a22000005i 4500 |
| 001 |
in00000247921 |
| 005 |
20151009090634.0 |
| 008 |
790501s1979 ilua b 00110 eng d |
| 010 |
|
|
|a 78064533
|
| 020 |
|
|
|a 0528881663
|
| 035 |
|
|
|a (OCoLC)04915882
|
| 035 |
|
|
|9 ABA3627AM
|
| 040 |
|
|
|c SXP
|d TXA
|d UtOrBLW
|
| 041 |
1 |
|
|a eng
|a ita
|
| 049 |
|
|
|a TXAM
|c [1420499]
|
| 090 |
|
|
|a TL670.3
|b .A53213 1979
|
| 092 |
|
|
|a 629.1309
|b A
|
| 100 |
1 |
|
|a Angelucci, Enzo.
|
| 245 |
1 |
0 |
|a World aircraft 1918-1935 /
|c by Enzo Angelucci, Paolo Matricardi ; full-color illus., Vincenzo Cosentino ; black-and-white illus., Claudio Tatangelo.
|
| 264 |
|
1 |
|a Chicago :
|b Rand McNally,
|c 1979
|
| 264 |
|
4 |
|c ©1977
|
| 300 |
|
|
|a 319 pages :
|b illustrations, map., (some color) ;
|c 19 cm.
|
| 336 |
|
|
|a text
|b txt
|2 rdacontent
|
| 337 |
|
|
|a unmediated
|b n
|2 rdamedia
|
| 338 |
|
|
|a volume
|b nc
|2 rdacarrier
|
| 490 |
1 |
|
|a Rand McNally color illustrated guides
|
| 500 |
|
|
|a Includes index.
|
| 504 |
|
|
|a Bibliography: pages 318-319.
|
| 650 |
|
0 |
|a Airplanes
|x History.
|
| 700 |
1 |
|
|a Matricardi, Paolo.
|
| 830 |
|
0 |
|a Rand McNally color illustrated guides.
|
| 999 |
|
|
|a MARS
|
| 999 |
f |
f |
|s 60c55cec-3ac5-309d-bc4b-a77379d99709
|i a339a66b-01d2-361a-8d5f-b28cdd5319ef
|t 0
|
| 952 |
f |
f |
|p ric
|a Texas A&M University
|b Rellis Campus
|c Joint Library Facility
|d Remote Storage
|t 0
|e TL670.3 .A53213 1979
|h Library of Congress classification
|i unmediated -- volume
|m A14805545785
|
| 998 |
f |
f |
|a TL670.3 .A53213 1979
|t 0
|l Remote Storage
|